| 000 | 00913cab a2200289 4500 | ||
|---|---|---|---|
| 001 | WB3235-14 | ||
| 008 | 090401t1996 xxu||||| |||| 00| 0 eng d | ||
| 035 | _a(Sirsi) u1362 | ||
| 041 | _aeng | ||
| 245 | _aTreasury flats deal signed | ||
| 260 | _c1996 | ||
| 350 | _a0 | ||
| 490 |
_aGuardian _v14 September 1996, 22 |
||
| 490 |
_aObserver _v15 September 1996, B1 |
||
| 490 |
_aFinancial Times _v14 September 1996, 4(2) |
||
| 520 | _aA consortium has been chosen to redevelop the Treasury`s Whitehall headquarters as luxury flats in a Private Finance Initiative scheme worth £200 million. | ||
| 650 | _aEXCHEQUER PARTNERSHIP | ||
| 650 | _aGOVERNMENT BUILDINGS | ||
| 650 | _aLIPTON | ||
| 650 | _aPRIVATE FINANCE INITIATIVE | ||
| 650 | _aRESIDENTIAL USE | ||
| 650 | _aTREASURY HEADQUARTERS | ||
| 650 | _aHM TREASURY | ||
| 690 | _aPROPERTY-PROPERTY DEVELOPMENT | ||
| 942 | _n0 | ||
| 948 | _c04/03/1997 | ||
| 999 |
_c749 _d749 |
||